UM Logo

Compact solid-state Marx modulator with fast switching for nanosecond pulse / (Record no. 19704)

MARC details
000 -LEADER
fixed length control field 01109nam a22002537a 4500
003 - CONTROL NUMBER IDENTIFIER
control field OSt
005 - DATE AND TIME OF LATEST TRANSACTION
control field 20250925180756.0
008 - FIXED-LENGTH DATA ELEMENTS--GENERAL INFORMATION
fixed length control field 240315b ||||| |||| 00| 0 eng d
040 ## - CATALOGING SOURCE
Transcribing agency 0
082 ## - DEWEY DECIMAL CLASSIFICATION NUMBER
Classification number DPer 621.381 In821 August 2022 v. 37 n. 8
100 ## - MAIN ENTRY--PERSONAL NAME
Personal name Bae, Jung-Soo.
Relator term author.
9 (RLIN) 54785
245 ## - TITLE STATEMENT
Title Compact solid-state Marx modulator with fast switching for nanosecond pulse /
Statement of responsibility, etc. Jung-Soo Bae, Tae-Hyun Kim, Seong-Ho Son, Chang-Hyun Gwon, Hyoung-Suk Kim, Chan-Hun Yu, and Sung-Roc Jang.
260 ## - PUBLICATION, DISTRIBUTION, ETC. (IMPRINT)
Place of publication, distribution, etc. New York ;
Name of publisher, distributor, etc. The Institute of Electrical and Electronics Engineers, Inc. ,
Date of publication, distribution, etc. August 2022.
300 ## - PHYSICAL DESCRIPTION
Extent Volume 37, pages 9406-9414 :
Other physical details illustration ;
Dimensions 28 cm.
500 ## - GENERAL NOTE
General note IEEE Transitions on Power Electronics, v. 37 n. 8, pages 9406-9414, August 2022.
700 ## - ADDED ENTRY--PERSONAL NAME
Personal name Bae, Jung-Soo.
Relator term author.
9 (RLIN) 54785
700 ## - ADDED ENTRY--PERSONAL NAME
Personal name Kim, Tae-Hyun.
Relator term author.
9 (RLIN) 54786
700 ## - ADDED ENTRY--PERSONAL NAME
Personal name Son, Seong-Ho.
Relator term author.
9 (RLIN) 54787
700 ## - ADDED ENTRY--PERSONAL NAME
Personal name Gwon, Chang-Hyun.
Relator term author.
9 (RLIN) 54788
700 ## - ADDED ENTRY--PERSONAL NAME
Personal name Kim, Hyoung-Suk.
Relator term author.
9 (RLIN) 54789
700 ## - ADDED ENTRY--PERSONAL NAME
Personal name Yu, Chan-Hun.
Relator term author.
9 (RLIN) 54790
700 ## - ADDED ENTRY--PERSONAL NAME
Personal name Jang, Sung-Roc.
Relator term author.
9 (RLIN) 54791
942 ## - ADDED ENTRY ELEMENTS (KOHA)
Source of classification or shelving scheme Dewey Decimal Classification
Koha item type Periodicals
Holdings
Withdrawn status Lost status Source of classification or shelving scheme Damaged status Not for loan Collection code Home library Current library Date acquired Total Checkouts Full call number Date last seen Price effective from Koha item type Public note
    Dewey Decimal Classification     Periodicals UM Digos College - LIC UM Digos College - LIC 03/15/2024   DPer 621.381 In821 August 2022 v. 37 n. 8 03/15/2024 03/15/2024 Periodicals Periodical Article